Introducción al análisis de datos con SPSS-PC
Spremljeno u:
| Glavni autor: | |
|---|---|
| Format: | Knjiga |
| Jezik: | španjolski |
| Izdano: |
Madrid
Alianza
1988
|
| Serija: | Alianza universidad textos, 124
|
| Teme: | |
| Oznake: |
Dodaj oznaku
Bez oznaka, Budi prvi tko označuje ovaj zapis!
|
MARC
| LEADER | 00000nam a2200000 a 4500 | ||
|---|---|---|---|
| 001 | UCX9016 | ||
| 003 | CL-VaPUC | ||
| 008 | 940511e19880000SP |||||||||||||||||spa|d | ||
| 082 | 0 | 4 | |a 005.369 |b SAN |2 21 |
| 100 | 0 | |a Sánchez Carrión, Juan Javier |e author |9 326298 | |
| 245 | 1 | 0 | |a Introducción al análisis de datos con SPSS-PC |
| 300 | |a 199 p | ||
| 942 | |c BK | ||
| 945 | |d 19940511 00:00:00 |a mfernand | ||
| 260 | |a Madrid |b Alianza |c 1988 | ||
| 650 | 0 | |a SPSS |x Software |9 326284 | |
| 650 | 0 | |a Ciencias sociales |9 256351 | |
| 650 | 0 | |a Proceso de datos |9 259776 | |
| 583 | |a last modification |c 20180328 10:06:23 |k Rodrigo Vera | ||
| 490 | 0 | |a Alianza universidad textos, 124 | |
| 999 | |c 228372 |d 228370 | ||
| 952 | |0 0 |1 0 |4 0 |6 005_369000000000000_SAN_1988 |7 0 |8 A |9 228362 |a BIBGIM |b BIBGIM |d 2019-11-15 |i 2977001 |o 005.369 SAN 1988 |p 2977001 |r 2025-01-15 |w 2019-11-15 |y BK |k SSL | ||